00824nam a2200229 a 4500001001000000003000500010005001700015008004100032010001100073011001100084040000900095100002800104245012500132260004100257500006000298502006900358650002000427650002400447650002600471650002700497856007000524000112366CHAP20220329144300.0160307s2016 mx a fsm |||||||spa d a108827 a109799 cCHAP1 aLópez Herrera, Amelia13aEl zinc en la nutrición de fresa (Fragaria x ananassa Duch.) cv. albión /h[En línea]cpor Amelia López Herrera. aChapingo, Méx. :bEl autor,c2016. aPara ver el contenido del material haga clic en la liga aTesis (M.C. en Horticultura) -- UACH. Departamento de Fitotecnia14aFresaxCalidad.14aFresaxRendimiento.14aPlantasxNutrición.14aZincxEfecto en fresa. aFinding aiduhttp://10.13.5.2/tesis/sist112366.pdfzTeclea aquí